Geese, Swans and Ducks of North America - Statistics

General Stats
  • This quiz has been taken 52 times
    48 since last reset
  • The average score is 32 of 48
Answer Stats
Picture Answer % Correct
Canada Goose
96%
Wood Duck
96%
Mallard
92%
Redhead
88%
Canvasback
85%
Harlequin Duck
85%
Snow Goose
81%
Bufflehead
77%
Cinnamon Teal
77%
Green-Winged Teal
77%
Hooded Merganser
77%
Northern Pintail
77%
Northern Shoveler
77%
Tundra Swan
77%
Brant
73%
Lesser Scaup
73%
Mute Swan
73%
American Wigeon
69%
Gadwall
69%
Greater Scaup
69%
Greater White-Fronted Goose
69%
King Eider
69%
Long-tailed Duck
69%
Ross's Goose
69%
Ruddy Duck
69%
Barrow's Goldeneye
65%
Blue-Winged Teal
65%
Common Goldeneye
65%
Common Merganser
65%
Eurasian Wigeon
65%
Trumpeter Swan
65%
American Black Duck
62%
Black Scoter
58%
Cackling Goose
58%
Common Eider
58%
Red-Breasted Merganser
58%
Ring-Necked Duck
58%
Surf Scoter
58%
Barnacle Goose
54%
Black Bellied Whistling-Duck
54%
Spectacled Eider
54%
Fulvous Whistling-Duck
50%
Mexican Duck
50%
Muscovy Duck
50%
Mottled Duck
46%
White-Winged Scoter
46%
Emperor Goose
42%
Steller's Eider
38%
No matching quizzes found
Score Distribution
Percent of People with Each Score
Percentile by Number Answered
Your Score History
You have not taken this quiz since the last reset